[Event "Blitz 2018"]
[Site "Saint-Petersburg"]
[Date "2018.12.30"]
[Round "20"]
[Board "51"]
[White "Timofeev Artyom (RUS)"]
[Black "Carlsson Pontus (SWE)"]
[Result "1-0"]
[LiveChessVersion "1.4.8"]
[BlackElo "2511"]
[WhiteElo "2568"]

1. c4 {[%clk 0:03:03]} e5 {[%clk 0:03:04]} 2. e3 {[%clk 0:03:03]} Nf6
{[%clk 0:03:04]} 3. Nc3 {[%clk 0:03:04]} Bb4 {[%clk 0:03:04]} 4. Nge2
{[%clk 0:03:05]} c6 {[%clk 0:03:03]} 5. a3 {[%clk 0:03:05]} Ba5 {[%clk 0:03:02]}
6. b4 {[%clk 0:03:04]} Bc7 {[%clk 0:03:04]} 7. Bb2 {[%clk 0:03:05]} O-O
{[%clk 0:03:01]} 8. d4 {[%clk 0:03:06]} e4 {[%clk 0:02:56]} 9. d5
{[%clk 0:03:05]} d6 {[%clk 0:02:34]} 10. Ng3 {[%clk 0:02:37]} Qe7
{[%clk 0:02:27]} 11. Be2 {[%clk 0:02:37]} Re8 {[%clk 0:02:15]} 12. O-O
{[%clk 0:02:37]} Nbd7 {[%clk 0:02:13]} 13. Qd4 {[%clk 0:01:59]} Bb6
{[%clk 0:02:07]} 14. Qd2 {[%clk 0:01:59]} Nf8 {[%clk 0:02:04]} 15. Rac1
{[%clk 0:01:41]} Ng6 {[%clk 0:01:57]} 16. c5 {[%clk 0:01:32]} Bc7
{[%clk 0:01:29]} 17. Rfd1 {[%clk 0:01:22]} Rd8 {[%clk 0:01:25]} 18. dxc6
{[%clk 0:01:16]} dxc5 {[%clk 0:01:20]} 19. Qc2 {[%clk 0:01:17]} Rxd1+
{[%clk 0:01:11]} 20. Rxd1 {[%clk 0:01:17]} Bxg3 {[%clk 0:00:49]} 21. hxg3
{[%clk 0:01:13]} cxb4 {[%clk 0:00:45]} 22. axb4 {[%clk 0:01:05]} bxc6
{[%clk 0:00:45]} 23. b5 {[%clk 0:00:59]} Bb7 {[%clk 0:00:40]} 24. Qa4
{[%clk 0:00:52]} cxb5 {[%clk 0:00:38]} 25. Nxb5 {[%clk 0:00:53]} Bc6
{[%clk 0:00:37]} 26. Qa6 {[%clk 0:00:52]} Bxb5 {[%clk 0:00:27]} 27. Bxb5
{[%clk 0:00:53]} h5 {[%clk 0:00:25]} 28. Bxf6 {[%clk 0:00:47]} Qxf6
{[%clk 0:00:15]} 29. Qxf6 {[%clk 0:00:47]} gxf6 {[%clk 0:00:15]} 30. Bc6
{[%clk 0:00:49]} Rc8 {[%clk 0:00:15]} 31. Bxe4 {[%clk 0:00:49]} Rc4
{[%clk 0:00:09]} 32. Bd5 {[%clk 0:00:38]} Rc7 {[%clk 0:00:09]} 33. Ra1
{[%clk 0:00:37]} h4 {[%clk 0:00:09]} 34. g4 {[%clk 0:00:34]} Kg7 {[%clk 0:00:10]}
35. f4 {[%clk 0:00:32]} Ne7 {[%clk 0:00:10]} 36. Bf3 {[%clk 0:00:32]} Nc8
{[%clk 0:00:10]} 37. Kh2 {[%clk 0:00:31]} Ne7 {[%clk 0:00:11]} 38. Kh3
{[%clk 0:00:32]} Ng6 {[%clk 0:00:12]} 39. Ra3 {[%clk 0:00:32]} Re7
{[%clk 0:00:13]} 40. Ba8 {[%clk 0:00:24]} Kh6 {[%clk 0:00:12]} 41. Kh2
{[%clk 0:00:22]} Kg7 {[%clk 0:00:13]} 42. Kg1 {[%clk 0:00:23]} Rd7
{[%clk 0:00:13]} 43. Kf2 {[%clk 0:00:24]} Rd2+ {[%clk 0:00:14]} 44. Kf3
{[%clk 0:00:25]} Rd7 {[%clk 0:00:13]} 45. Be4 {[%clk 0:00:25]} Ne7
{[%clk 0:00:13]} 46. Ra1 {[%clk 0:00:26]} Nc8 {[%clk 0:00:10]} 47. Rh1
{[%clk 0:00:26]} Nd6 {[%clk 0:00:10]} 48. Rxh4 {[%clk 0:00:26]} a5
{[%clk 0:00:11]} 49. Rh7+ {[%clk 0:00:25]} Kg8 {[%clk 0:00:11]} 50. Rh1
{[%clk 0:00:26]} Ra7 {[%clk 0:00:09]} 51. Bd5 {[%clk 0:00:15]} a4
{[%clk 0:00:10]} 52. Ra1 {[%clk 0:00:13]} a3 {[%clk 0:00:09]} 53. e4
{[%clk 0:00:10]} Nb5 {[%clk 0:00:08]} 54. Ke3 {[%clk 0:00:11]} Nc3
{[%clk 0:00:07]} 55. Kd4 {[%clk 0:00:11]} Ne2+ {[%clk 0:00:07]} 56. Ke3
{[%clk 0:00:12]} Nc3 {[%clk 0:00:09]} 57. Kd3 {[%clk 0:00:13]} Nb5
{[%clk 0:00:07]} 58. Kc4 {[%clk 0:00:14]} Nd6+ {[%clk 0:00:07]} 59. Kc5
{[%clk 0:00:15]} Nc8 {[%clk 0:00:05]} 60. Kb4 {[%clk 0:00:16]} Rc7
{[%clk 0:00:03]} 61. Rxa3 {[%clk 0:00:15]} Ne7 {[%clk 0:00:04]} 62. Bc4
{[%clk 0:00:12]} Rd7 {[%clk 0:00:03]} 63. Rd3 {[%clk 0:00:12]} Rb7+
{[%clk 0:00:04]} 64. Kc3 {[%clk 0:00:13]} Rb1 {[%clk 0:00:05]} 65. Rg3
{[%clk 0:00:13]} Ng6 {[%clk 0:00:06]} 66. g5 {[%clk 0:00:09]} fxg5
{[%clk 0:00:05]} 67. Rxg5 {[%clk 0:00:10]} Kf8 {[%clk 0:00:04]} 68. g3
{[%clk 0:00:10]} Rc1+ {[%clk 0:00:04]} 69. Kd4 {[%clk 0:00:10]} Rd1+
{[%clk 0:00:05]} 70. Bd3 {[%clk 0:00:11]} Ke7 {[%clk 0:00:06]} 71. Ke3
{[%clk 0:00:12]} Kf6 {[%clk 0:00:06]} 72. Rf5+ {[%clk 0:00:13]} Ke7
{[%clk 0:00:07]} 73. Ra5 {[%clk 0:00:14]} Nf8 {[%clk 0:00:07]} 74. Bc4
{[%clk 0:00:15]} Nd7 {[%clk 0:00:08]} 75. Ra7 {[%clk 0:00:16]} Kf8
{[%clk 0:00:08]} 76. Bd5 {[%clk 0:00:17]} Ke7 {[%clk 0:00:08]} 77. Bc6
{[%clk 0:00:17]} 1-0

[Event "Blitz 2018"]
[Site "Saint-Petersburg"]
[Date "2018.12.30"]
[Round "20"]
[Board "52"]
[White "Khanin Semen (RUS)"]
[Black "Hakobyan Aram (ARM)"]
[Result "0-1"]
[LiveChessVersion "1.4.8"]
[BlackElo "2451"]
[WhiteElo "2564"]

1. e4 {[%clk 0:03:03]} c6 {[%clk 0:03:00]} 2. d4 {[%clk 0:03:03]} d5
{[%clk 0:03:01]} 3. Nd2 {[%clk 0:03:04]} dxe4 {[%clk 0:03:02]} 4. Nxe4
{[%clk 0:03:04]} Nf6 {[%clk 0:03:04]} 5. Nxf6+ {[%clk 0:03:04]} exf6
{[%clk 0:03:05]} 6. c3 {[%clk 0:03:05]} Bf5 {[%clk 0:03:05]} 7. Bc4
{[%clk 0:03:03]} Bd6 {[%clk 0:03:04]} 8. Ne2 {[%clk 0:03:04]} O-O
{[%clk 0:03:02]} 9. O-O {[%clk 0:03:04]} Nd7 {[%clk 0:03:03]} 10. Ng3
{[%clk 0:03:02]} Bg6 {[%clk 0:03:04]} 11. f4 {[%clk 0:03:03]} Nb6
{[%clk 0:03:04]} 12. Be2 {[%clk 0:03:02]} f5 {[%clk 0:03:05]} 13. Bd3
{[%clk 0:02:46]} Qf6 {[%clk 0:03:06]} 14. a4 {[%clk 0:02:29]} Rfe8
{[%clk 0:03:01]} 15. a5 {[%clk 0:02:21]} Nd5 {[%clk 0:03:02]} 16. Qf3
{[%clk 0:02:21]} Re7 {[%clk 0:02:57]} 17. Bd2 {[%clk 0:02:15]} Rae8
{[%clk 0:02:57]} 18. Qf2 {[%clk 0:01:20]} h5 {[%clk 0:02:52]} 19. Qf3
{[%clk 0:01:13]} Re3 {[%clk 0:02:26]} 20. Bxe3 {[%clk 0:01:09]} Rxe3
{[%clk 0:02:28]} 21. Qd1 {[%clk 0:00:51]} Nxf4 {[%clk 0:02:28]} 22. Bc4
{[%clk 0:00:49]} h4 {[%clk 0:02:20]} 23. Ne2 {[%clk 0:00:49]} Bh5
{[%clk 0:02:19]} 24. Rf2 {[%clk 0:00:25]} Qe7 {[%clk 0:02:21]} 25. Kf1
{[%clk 0:00:21]} h3 {[%clk 0:02:14]} 26. g3 {[%clk 0:00:22]} Qe4 {[%clk 0:02:09]}
27. Ke1 {[%clk 0:00:08]} Bxe2 {[%clk 0:01:20]} 28. Bxe2 {[%clk 0:00:06]} Nd3+
{[%clk 0:01:22]} 29. Kd2 {[%clk 0:00:05]} Nxf2 {[%clk 0:01:22]} 30. Qf1
{[%clk 0:00:04]} Ng4 {[%clk 0:01:20]} 31. Bxg4 {[%clk 0:00:03]} fxg4
{[%clk 0:01:17]} 32. Qf2 {[%clk 0:00:04]} Qd3+ {[%clk 0:01:12]} 33. Kc1
{[%clk 0:00:05]} Re2 {[%clk 0:01:13]} 0-1

[Event "Blitz 2018"]
[Site "Saint-Petersburg"]
[Date "2018.12.30"]
[Round "20"]
[Board "53"]
[White "Moiseenko Vadim (RUS)"]
[Black "Vastrukhin Oleg (RUS)"]
[Result "1-0"]
[LiveChessVersion "1.4.8"]
[BlackElo "2488"]
[WhiteElo "2560"]

1. b3 {[%clk 0:03:03]} Nf6 {[%clk 0:03:03]} 2. Bb2 {[%clk 0:03:04]} d5
{[%clk 0:03:04]} 3. g3 {[%clk 0:03:05]} Nc6 {[%clk 0:03:04]} 4. f4
{[%clk 0:03:04]} h5 {[%clk 0:03:02]} 5. Nf3 {[%clk 0:03:03]} Bg4 {[%clk 0:03:03]}
6. Bg2 {[%clk 0:03:02]} e6 {[%clk 0:02:46]} 7. Nh4 {[%clk 0:02:55]} Bd6
{[%clk 0:02:29]} 8. Nc3 {[%clk 0:02:52]} e5 {[%clk 0:02:16]} 9. f5
{[%clk 0:02:37]} e4 {[%clk 0:02:04]} 10. Nb5 {[%clk 0:02:38]} Bc5
{[%clk 0:01:50]} 11. d4 {[%clk 0:01:52]} Bb4+ {[%clk 0:01:46]} 12. c3
{[%clk 0:01:51]} Be7 {[%clk 0:01:46]} 13. Bc1 {[%clk 0:01:34]} a6
{[%clk 0:01:42]} 14. Na3 {[%clk 0:01:23]} Nd7 {[%clk 0:01:42]} 15. O-O
{[%clk 0:01:16]} Bxh4 {[%clk 0:01:38]} 16. gxh4 {[%clk 0:01:17]} Qxh4
{[%clk 0:01:39]} 17. c4 {[%clk 0:01:13]} Nb6 {[%clk 0:01:12]} 18. Bf4
{[%clk 0:01:00]} O-O-O {[%clk 0:01:13]} 19. Rc1 {[%clk 0:01:01]} Qe7
{[%clk 0:01:10]} 20. c5 {[%clk 0:00:56]} Nd7 {[%clk 0:01:07]} 21. b4
{[%clk 0:00:56]} Nxb4 {[%clk 0:00:31]} 22. Qb3 {[%clk 0:00:51]} a5
{[%clk 0:00:26]} 23. c6 {[%clk 0:00:33]} bxc6 {[%clk 0:00:18]} 24. Qa4
{[%clk 0:00:29]} Nb6 {[%clk 0:00:15]} 25. Qxa5 {[%clk 0:00:30]} Kd7
{[%clk 0:00:12]} 26. Bxc7 {[%clk 0:00:26]} Kxc7 {[%clk 0:00:06]} 27. Qa7+
{[%clk 0:00:27]} Kd6 {[%clk 0:00:04]} 28. Nb5+ {[%clk 0:00:26]} cxb5
{[%clk 0:00:04]} 29. Qxb6+ {[%clk 0:00:27]} Kd7 {[%clk 0:00:05]} 30. Qxb5+
{[%clk 0:00:24]} Kd6 {[%clk 0:00:03]} 31. Qxb4+ {[%clk 0:00:23]} Kd7
{[%clk 0:00:05]} 32. Qb5+ {[%clk 0:00:24]} 1-0

[Event "Blitz 2018"]
[Site "Saint-Petersburg"]
[Date "2018.12.30"]
[Round "20"]
[Board "54"]
[White "Miton Kamil (POL)"]
[Black "Frolyanov Dmitry (RUS)"]
[Result "1-0"]
[LiveChessVersion "1.4.8"]
[BlackElo "2557"]
[WhiteElo "2520"]

1. d4 {[%clk 0:03:02]} d5 {[%clk 0:03:04]} 2. c4 {[%clk 0:03:02]} e6
{[%clk 0:03:05]} 3. Nf3 {[%clk 0:03:02]} Nf6 {[%clk 0:03:06]} 4. g3
{[%clk 0:03:03]} dxc4 {[%clk 0:03:08]} 5. Bg2 {[%clk 0:03:04]} Nc6
{[%clk 0:03:09]} 6. O-O {[%clk 0:03:04]} Rb8 {[%clk 0:03:10]} 7. Nc3
{[%clk 0:02:54]} Bb4 {[%clk 0:03:10]} 8. Qc2 {[%clk 0:02:53]} O-O
{[%clk 0:03:08]} 9. Rd1 {[%clk 0:02:52]} h6 {[%clk 0:03:00]} 10. a3
{[%clk 0:02:38]} Bxc3 {[%clk 0:03:00]} 11. bxc3 {[%clk 0:02:31]} b5
{[%clk 0:02:56]} 12. a4 {[%clk 0:02:32]} a6 {[%clk 0:02:56]} 13. axb5
{[%clk 0:02:33]} axb5 {[%clk 0:02:57]} 14. Ne5 {[%clk 0:02:25]} Ne7
{[%clk 0:02:33]} 15. Ba3 {[%clk 0:02:24]} Bb7 {[%clk 0:02:26]} 16. e4
{[%clk 0:01:56]} Re8 {[%clk 0:02:24]} 17. Bb4 {[%clk 0:01:54]} Nd7
{[%clk 0:02:11]} 18. f4 {[%clk 0:01:41]} Qc8 {[%clk 0:02:04]} 19. Qf2
{[%clk 0:01:22]} Nf6 {[%clk 0:01:59]} 20. Re1 {[%clk 0:01:20]} Ra8
{[%clk 0:01:52]} 21. Rad1 {[%clk 0:01:21]} Ra6 {[%clk 0:01:48]} 22. g4
{[%clk 0:01:21]} Qa8 {[%clk 0:01:45]} 23. Qe2 {[%clk 0:01:06]} Ra2
{[%clk 0:01:45]} 24. Qf3 {[%clk 0:00:46]} Nxe4 {[%clk 0:01:25]} 25. Bxe7
{[%clk 0:00:35]} Nd6 {[%clk 0:00:53]} 26. d5 {[%clk 0:00:36]} Rxe7
{[%clk 0:00:49]} 27. Qg3 {[%clk 0:00:22]} Bxd5 {[%clk 0:00:44]} 28. Bxd5
{[%clk 0:00:21]} exd5 {[%clk 0:00:45]} 29. g5 {[%clk 0:00:20]} Nf5
{[%clk 0:00:38]} 30. Qh3 {[%clk 0:00:15]} g6 {[%clk 0:00:18]} 31. gxh6
{[%clk 0:00:16]} Kh7 {[%clk 0:00:18]} 32. Nf3 {[%clk 0:00:17]} Rxe1+
{[%clk 0:00:14]} 33. Rxe1 {[%clk 0:00:18]} d4 {[%clk 0:00:10]} 34. Ng5+
{[%clk 0:00:17]} Kg8 {[%clk 0:00:10]} 35. h7+ Kg7 36. Nxf7 {[%clk 0:00:15]} Kxf7
{[%clk 0:00:03]} 37. h8=Q {[%clk 0:00:16]} 1-0

[Event "Blitz 2018"]
[Site "Saint-Petersburg"]
[Date "2018.12.30"]
[Round "20"]
[Board "55"]
[White "Reshetnikov Alexey (RUS)"]
[Black "Jumabayev Rinat (KAZ)"]
[Result "0-1"]
[LiveChessVersion "1.4.8"]
[BlackElo "2554"]
[WhiteElo "2473"]

1. b3 {[%clk 0:03:02]} Nf6 2. Bb2 g6 {[%clk 0:03:03]} 3. c4 {[%clk 0:03:05]} Bg7
{[%clk 0:03:04]} 4. Nf3 {[%clk 0:03:06]} O-O {[%clk 0:03:04]} 5. e3
{[%clk 0:03:07]} b6 {[%clk 0:03:05]} 6. Be2 {[%clk 0:03:08]} Bb7 {[%clk 0:03:06]}
7. O-O {[%clk 0:03:09]} e6 {[%clk 0:03:02]} 8. a3 {[%clk 0:03:07]} c5
{[%clk 0:03:03]} 9. d4 {[%clk 0:03:08]} Qe7 {[%clk 0:03:04]} 10. Nc3
{[%clk 0:03:05]} Rd8 {[%clk 0:03:04]} 11. Qc2 {[%clk 0:02:50]} d5
{[%clk 0:03:01]} 12. dxc5 {[%clk 0:02:47]} bxc5 {[%clk 0:03:02]} 13. Rfd1
{[%clk 0:02:40]} Nbd7 {[%clk 0:02:43]} 14. cxd5 {[%clk 0:02:32]} exd5
{[%clk 0:02:43]} 15. Rac1 {[%clk 0:02:33]} Rac8 {[%clk 0:02:42]} 16. Qb1
{[%clk 0:02:19]} Nf8 {[%clk 0:02:35]} 17. Rd2 {[%clk 0:01:52]} d4
{[%clk 0:01:47]} 18. exd4 {[%clk 0:01:39]} Bh6 {[%clk 0:01:48]} 19. d5
{[%clk 0:01:06]} Bxd2 {[%clk 0:01:40]} 20. Nxd2 {[%clk 0:01:07]} Nxd5
{[%clk 0:01:41]} 21. Nce4 {[%clk 0:00:41]} Ne6 {[%clk 0:01:33]} 22. Bc4
{[%clk 0:00:37]} Nd4 {[%clk 0:01:29]} 23. Re1 {[%clk 0:00:38]} Nb6
{[%clk 0:01:24]} 24. h4 {[%clk 0:00:19]} Qxh4 {[%clk 0:01:14]} 25. Bxd4
{[%clk 0:00:08]} Rxd4 {[%clk 0:01:09]} 26. Nf3 {[%clk 0:00:08]} Bxe4
{[%clk 0:01:08]} 0-1

[Event "Blitz 2018"]
[Site "Saint-Petersburg"]
[Date "2018.12.30"]
[Round "20"]
[Board "56"]
[White "Abdusattorov Nodirbek (UZB)"]
[Black "Ragger Markus (AUT)"]
[Result "1/2-1/2"]
[LiveChessVersion "1.4.8"]
[BlackElo "2677"]
[WhiteElo "2469"]

1. e4 {[%clk 0:03:02]} e5 {[%clk 0:03:03]} 2. Nf3 {[%clk 0:03:03]} Nc6
{[%clk 0:03:05]} 3. Nc3 {[%clk 0:03:04]} Nf6 {[%clk 0:03:05]} 4. d4
{[%clk 0:03:06]} exd4 5. Nxd4 {[%clk 0:03:07]} Bb4 {[%clk 0:03:07]} 6. Nxc6
{[%clk 0:03:08]} bxc6 {[%clk 0:03:07]} 7. Bd3 {[%clk 0:03:09]} d5
{[%clk 0:03:08]} 8. exd5 {[%clk 0:03:10]} O-O {[%clk 0:03:09]} 9. O-O
{[%clk 0:03:11]} cxd5 {[%clk 0:03:09]} 10. h3 {[%clk 0:03:12]} Rb8
{[%clk 0:03:10]} 11. Qf3 {[%clk 0:03:12]} Bb7 {[%clk 0:03:10]} 12. Bg5
{[%clk 0:02:57]} Be7 {[%clk 0:03:08]} 13. Qf5 {[%clk 0:02:13]} Bc8
{[%clk 0:03:01]} 14. Qf3 {[%clk 0:02:13]} Bb7 {[%clk 0:02:59]} 15. Qf5
{[%clk 0:02:11]} Bc8 {[%clk 0:02:58]} 16. Qe5 {[%clk 0:02:02]} Be6
{[%clk 0:02:26]} 17. b3 {[%clk 0:01:43]} Nd7 {[%clk 0:02:12]} 18. Bxe7
{[%clk 0:01:40]} Nxe5 {[%clk 0:02:12]} 19. Bxd8 {[%clk 0:01:40]} Rfxd8
{[%clk 0:02:12]} 20. Rad1 {[%clk 0:01:36]} c5 {[%clk 0:02:10]} 21. Be2
{[%clk 0:01:27]} d4 {[%clk 0:01:58]} 22. Na4 {[%clk 0:01:18]} Bf5
{[%clk 0:01:32]} 23. f4 {[%clk 0:01:07]} Nc6 {[%clk 0:01:33]} 24. Nxc5
{[%clk 0:01:06]} Nb4 {[%clk 0:01:23]} 25. Rd2 {[%clk 0:01:00]} Rbc8
{[%clk 0:01:15]} 26. Nd3 {[%clk 0:00:49]} Nxc2 {[%clk 0:01:15]} 27. Rc1
{[%clk 0:00:43]} Ne3 {[%clk 0:01:15]} 28. Rxc8 {[%clk 0:00:43]} Rxc8
{[%clk 0:01:14]} 29. Ne5 {[%clk 0:00:43]} f6 {[%clk 0:00:49]} 30. Nf3
{[%clk 0:00:42]} Rc2 {[%clk 0:00:50]} 31. Rxc2 {[%clk 0:00:33]} Nxc2
{[%clk 0:00:51]} 32. Kf2 {[%clk 0:00:33]} d3 {[%clk 0:00:53]} 33. Bd1
{[%clk 0:00:32]} Nb4 {[%clk 0:00:54]} 34. Nd4 {[%clk 0:00:27]} Be4
{[%clk 0:00:42]} 35. a3 {[%clk 0:00:29]} Nd5 36. b4 Kf8 {[%clk 0:00:36]} 37. Bb3
{[%clk 0:00:29]} d2 {[%clk 0:00:34]} 38. Ke2 {[%clk 0:00:17]} Nxf4+
{[%clk 0:00:34]} 39. Ke3 {[%clk 0:00:17]} Bd5 {[%clk 0:00:35]} 40. Kxd2
{[%clk 0:00:14]} Bxb3 {[%clk 0:00:36]} 41. Nxb3 {[%clk 0:00:15]} Nxg2
{[%clk 0:00:37]} 42. b5 {[%clk 0:00:15]} Ke7 {[%clk 0:00:35]} 43. a4
{[%clk 0:00:15]} Kd6 44. a5 Nf4 {[%clk 0:00:33]} 45. h4 {[%clk 0:00:12]} h5
{[%clk 0:00:32]} 46. Nd4 {[%clk 0:00:10]} Nd5 {[%clk 0:00:25]} 47. Nf5+
{[%clk 0:00:09]} Kc5 {[%clk 0:00:25]} 48. Nxg7 {[%clk 0:00:10]} Nf4
{[%clk 0:00:20]} 49. Ne8 Kxb5 {[%clk 0:00:20]} 50. Nxf6 {[%clk 0:00:09]} Kxa5
{[%clk 0:00:20]} 51. Ke3 {[%clk 0:00:09]} Ng6 {[%clk 0:00:21]} 52. Nxh5
{[%clk 0:00:10]} Kb4 {[%clk 0:00:22]} 53. Kd2 {[%clk 0:00:07]} Kb3
{[%clk 0:00:20]} 54. Kc1 {[%clk 0:00:08]} a5 {[%clk 0:00:21]} 55. Ng3
{[%clk 0:00:07]} Nxh4 {[%clk 0:00:19]} 56. Ne4 {[%clk 0:00:08]} Nf5
{[%clk 0:00:18]} 57. Kb1 {[%clk 0:00:08]} Nd4 {[%clk 0:00:18]} 58. Nc5+
{[%clk 0:00:09]} Kb4 {[%clk 0:00:19]} 59. Nd3+ {[%clk 0:00:09]} Kc3
{[%clk 0:00:20]} 60. Nb2 {[%clk 0:00:10]} Ne6 {[%clk 0:00:12]} 61. Ka2
{[%clk 0:00:10]} Nc5 {[%clk 0:00:11]} 62. Ka3 {[%clk 0:00:11]} Kc2
{[%clk 0:00:08]} 63. Nc4 {[%clk 0:00:12]} a4 {[%clk 0:00:09]} 64. Nb6
{[%clk 0:00:13]} Kd3 {[%clk 0:00:10]} 65. Nxa4 {[%clk 0:00:14]} Nxa4
{[%clk 0:00:11]} 66. Kxa4 {[%clk 0:00:15]} Kd4 1/2-1/2

[Event "Blitz 2018"]
[Site "Saint-Petersburg"]
[Date "2018.12.30"]
[Round "20"]
[Board "57"]
[White "Nozdrachev Vladislav (RUS)"]
[Black "Khismatullin Denis (RUS)"]
[Result "1-0"]
[LiveChessVersion "1.4.8"]
[BlackElo "2674"]
[WhiteElo "2521"]

1. e4 {[%clk 0:03:03]} c5 {[%clk 0:03:03]} 2. Nf3 {[%clk 0:03:04]} d6
{[%clk 0:03:04]} 3. d4 {[%clk 0:03:05]} Nf6 {[%clk 0:03:01]} 4. Nc3
{[%clk 0:03:06]} cxd4 {[%clk 0:03:02]} 5. Nxd4 {[%clk 0:03:07]} a6
{[%clk 0:03:04]} 6. h3 {[%clk 0:03:08]} e5 {[%clk 0:03:04]} 7. Nb3
{[%clk 0:03:08]} Be6 {[%clk 0:02:59]} 8. f4 {[%clk 0:02:49]} b5 {[%clk 0:03:00]}
9. a3 {[%clk 0:02:47]} Nbd7 {[%clk 0:02:36]} 10. f5 {[%clk 0:02:32]} Bxb3
{[%clk 0:02:35]} 11. cxb3 {[%clk 0:02:33]} d5 {[%clk 0:02:22]} 12. exd5
{[%clk 0:02:29]} Bc5 {[%clk 0:02:01]} 13. g4 {[%clk 0:02:06]} h6 {[%clk 0:01:22]}
14. Bg2 {[%clk 0:02:06]} Rc8 {[%clk 0:01:22]} 15. Qe2 {[%clk 0:02:03]} Bd4
{[%clk 0:01:10]} 16. Bd2 {[%clk 0:02:04]} Nb6 {[%clk 0:01:06]} 17. O-O-O
{[%clk 0:01:48]} b4 {[%clk 0:01:08]} 18. axb4 {[%clk 0:01:47]} Nbxd5
{[%clk 0:01:08]} 19. Kb1 {[%clk 0:01:42]} Nxb4 {[%clk 0:00:51]} 20. Na4
{[%clk 0:01:21]} Qd6 {[%clk 0:00:31]} 21. h4 {[%clk 0:00:57]} h5 {[%clk 0:00:32]}
22. g5 {[%clk 0:00:57]} Ng4 {[%clk 0:00:33]} 23. g6 {[%clk 0:00:30]} O-O
{[%clk 0:00:29]} 24. gxf7+ {[%clk 0:00:23]} Kh8 {[%clk 0:00:29]} 25. Bf3
{[%clk 0:00:19]} Rxf7 {[%clk 0:00:25]} 26. Bxg4 {[%clk 0:00:18]} hxg4
{[%clk 0:00:25]} 27. Qxg4 {[%clk 0:00:17]} Nd5 {[%clk 0:00:23]} 28. h5
{[%clk 0:00:16]} Qd7 {[%clk 0:00:22]} 29. Rdf1 {[%clk 0:00:14]} Nf6
{[%clk 0:00:16]} 30. Qg6 {[%clk 0:00:14]} Ne4 {[%clk 0:00:17]} 31. Bb4
{[%clk 0:00:12]} Rc6 {[%clk 0:00:14]} 32. f6 {[%clk 0:00:11]} Rcxf6
{[%clk 0:00:11]} 33. Rxf6 {[%clk 0:00:10]} Nxf6 {[%clk 0:00:12]} 34. h6
{[%clk 0:00:11]} Nh7 {[%clk 0:00:12]} 35. hxg7+ {[%clk 0:00:07]} Rxg7
{[%clk 0:00:14]} 36. Qe4 {[%clk 0:00:07]} Qf7 {[%clk 0:00:13]} 37. Ka2
{[%clk 0:00:07]} Qg6 {[%clk 0:00:14]} 38. Qa8+ {[%clk 0:00:08]} Rg8
{[%clk 0:00:15]} 39. Qd5 {[%clk 0:00:09]} Kg7 {[%clk 0:00:15]} 40. Nc5
{[%clk 0:00:09]} Bxc5 {[%clk 0:00:15]} 41. Qxe5+ {[%clk 0:00:10]} Nf6
{[%clk 0:00:16]} 42. Bxc5 {[%clk 0:00:11]} Re8 {[%clk 0:00:17]} 43. Qc7+
{[%clk 0:00:12]} Kg8 {[%clk 0:00:18]} 44. Rg1 {[%clk 0:00:13]} Ng4
{[%clk 0:00:19]} 45. Qf4 {[%clk 0:00:13]} Re4 {[%clk 0:00:20]} 46. Qf8+
{[%clk 0:00:12]} Kh7 {[%clk 0:00:21]} 47. Rf1 {[%clk 0:00:08]} Nh6
{[%clk 0:00:19]} 48. Rf6 {[%clk 0:00:06]} Qg7 {[%clk 0:00:17]} 49. Qxg7+
{[%clk 0:00:06]} Kxg7 {[%clk 0:00:18]} 50. Rxa6 {[%clk 0:00:08]} Nf5
{[%clk 0:00:19]} 51. b4 {[%clk 0:00:09]} Kf7 {[%clk 0:00:20]} 52. Kb3
{[%clk 0:00:10]} Ke8 {[%clk 0:00:20]} 53. b5 {[%clk 0:00:11]} Kd7
{[%clk 0:00:19]} 54. Ra7+ {[%clk 0:00:12]} Kc8 {[%clk 0:00:15]} 55. b6
{[%clk 0:00:13]} Kb8 {[%clk 0:00:08]} 56. Rf7 {[%clk 0:00:14]} Nd4+
{[%clk 0:00:07]} 57. Ka2 {[%clk 0:00:06]} Nb5 {[%clk 0:00:06]} 58. Bf2
{[%clk 0:00:05]} Ra4+ {[%clk 0:00:05]} 59. Kb3 {[%clk 0:00:06]} Rg4
{[%clk 0:00:06]} 60. Bc5 {[%clk 0:00:05]} Nd4+ {[%clk 0:00:06]} 61. Kc3
{[%clk 0:00:06]} Nb5+ {[%clk 0:00:06]} 62. Kd3 {[%clk 0:00:07]} Rg5
{[%clk 0:00:04]} 63. b4 {[%clk 0:00:08]} Rg4 {[%clk 0:00:05]} 64. Be3
{[%clk 0:00:08]} Kc8 {[%clk 0:00:04]} 65. b7+ {[%clk 0:00:09]} Kb8
{[%clk 0:00:05]} 66. Bf4+ {[%clk 0:00:10]} 1-0

[Event "Blitz 2018"]
[Site "Saint-Petersburg"]
[Date "2018.12.30"]
[Round "20"]
[Board "58"]
[White "Petrov Nikita (RUS)"]
[Black "Gabrielian Artur (RUS)"]
[Result "1-0"]
[LiveChessVersion "1.4.8"]
[BlackElo "2562"]
[WhiteElo "2468"]

1. e4 {[%clk 0:03:03]} c5 {[%clk 0:03:03]} 2. Nf3 {[%clk 0:03:04]} d6
{[%clk 0:03:04]} 3. d4 {[%clk 0:03:03]} cxd4 {[%clk 0:03:05]} 4. Nxd4
{[%clk 0:03:04]} Nf6 {[%clk 0:03:06]} 5. Nc3 {[%clk 0:03:05]} Nc6
{[%clk 0:03:07]} 6. f3 {[%clk 0:03:05]} e5 {[%clk 0:03:06]} 7. Nb3
{[%clk 0:03:05]} Be7 {[%clk 0:03:05]} 8. Be3 {[%clk 0:03:03]} Be6
{[%clk 0:03:06]} 9. Qe2 {[%clk 0:03:04]} a5 {[%clk 0:03:01]} 10. Qb5
{[%clk 0:02:54]} O-O {[%clk 0:02:54]} 11. Be2 {[%clk 0:02:44]} Nb4
{[%clk 0:02:35]} 12. O-O-O {[%clk 0:02:17]} Bd7 {[%clk 0:02:05]} 13. Qxb7
{[%clk 0:01:55]} Rb8 {[%clk 0:01:51]} 14. Qa7 {[%clk 0:01:56]} a4
{[%clk 0:01:42]} 15. Nd2 {[%clk 0:01:43]} a3 {[%clk 0:01:32]} 16. b3
{[%clk 0:01:24]} d5 {[%clk 0:01:12]} 17. exd5 {[%clk 0:01:12]} Nfxd5
{[%clk 0:00:52]} 18. Nxd5 {[%clk 0:01:12]} Nxd5 {[%clk 0:00:53]} 19. Ne4
{[%clk 0:00:42]} Bc6 {[%clk 0:00:49]} 20. Bc5 {[%clk 0:00:44]} Bxc5
{[%clk 0:00:37]} 21. Qxc5 {[%clk 0:00:44]} Rc8 {[%clk 0:00:29]} 22. Bc4
{[%clk 0:00:41]} Ba8 {[%clk 0:00:18]} 23. Bxd5 {[%clk 0:00:32]} Rxc5
{[%clk 0:00:09]} 24. Bxf7+ {[%clk 0:00:33]} Kxf7 {[%clk 0:00:06]} 25. Rxd8
{[%clk 0:00:33]} Rxc2+ {[%clk 0:00:07]} 26. Kxc2 {[%clk 0:00:34]} Bxe4+
{[%clk 0:00:09]} 27. fxe4 {[%clk 0:00:26]} Rxd8 {[%clk 0:00:11]} 28. b4
{[%clk 0:00:18]} Rd4 {[%clk 0:00:12]} 29. Kb3 {[%clk 0:00:19]} Rxe4
{[%clk 0:00:12]} 30. Kxa3 {[%clk 0:00:20]} Ke6 {[%clk 0:00:14]} 31. Kb3
{[%clk 0:00:20]} Re3+ {[%clk 0:00:15]} 32. Ka4 {[%clk 0:00:20]} Re2
{[%clk 0:00:16]} 33. a3 e4 34. b5 {[%clk 0:00:20]} Rb2 {[%clk 0:00:18]} 35. Ka5
{[%clk 0:00:20]} e3 {[%clk 0:00:18]} 36. b6 {[%clk 0:00:21]} Kd6 {[%clk 0:00:17]}
37. Ka6 {[%clk 0:00:21]} e2 {[%clk 0:00:17]} 38. b7 {[%clk 0:00:19]} Rb3
{[%clk 0:00:11]} 39. a4 {[%clk 0:00:20]} Kd7 {[%clk 0:00:06]} 40. Ka7
{[%clk 0:00:19]} Kc7 {[%clk 0:00:04]} 41. Ra1 1-0